000 00444 a2200145 4500
999 _c4568
_d4568
020 _a1920113649
050 _aPR9364.9 MOT 2006
100 _aMotimele . G . Mabonchi
_eauthor
245 _aStories around the fire /
_cMabonchi Goodwill Motimele
264 _aThohoyandou :
_bKalahari Productions and Booksellers,
_c2006
300 _aiv, 140p . :
500 _aGlossary
650 _aStories around the fire
942 _2lcc
_cBK
_h9364.9
_iMOT
_k2006